[Event "Festival de la Juventud U12"]
[Site "Hermosillo"]
[Date "2002.03.27"]
[Round "1"]
[White "Gonzalez Chavez, Emmanuel"]
[Black "Villanueva Vargas, Victor Ramses"]
[Result "0-1"]
[WhiteElo "1603"]
[BlackElo "1350"]
[PlyCount "62"]
[EventDate "2002.03.26"]
[EventType "swiss"]
[EventRounds "6"]
[EventCountry "MEX"]
[SourceTitle "EXT 2003"]
[Source "ChessBase"]
[SourceDate "2002.11.25"]
[SourceVersion "1"]
[SourceVersionDate "2002.11.25"]
[SourceQuality "1"]

1. d4 d5 2. c4 e6 3. Nf3 Nf6 4. Nc3 Bb4 5. Bd2 Bxc3 6. Bxc3 dxc4 7. e3 Nc6 8. Bxc4 Ne4 9. Qc2 Nxc3 10. Qxc3 0-0 11. 0-0 Qf6 12. Rac1 Bd7 13. Qd3 Nb4 14. Qe4 Bc6 15. Qg4 Bxf3 16. Qxf3 Qxf3 17. gxf3 c6 18. a3 Nd5 19. Bxd5 cxd5 20. Rc7 b6 21. Rfc1 h5 22. Rb7 Rfb8 23. Rcc7 Rxb7 24. Rxb7 g5 25. h3 Kg7 26. Kg2 Kg6 27. Kg3 f5 28. h4 f4+ 29. exf4 gxh4+ 30. Kxh4 Kf5 31. Kxh5 Rh8+ 0-1